The little red hen

Bibliographic Details
Other Authors: Holmes, Stephen
Format: Book
Published: Loughborough : Ladybirds Books Ltd , 1993
Series:Favourite tales
Subjects:

MARC

LEADER 00000cam a2200000 7i4500
001 0000008030
002 000008765
005 20080223.0
020 |a 0721415636 
090 0 0 |a JF   |b FAV 
245 0 4 |a The little red hen   |c illustrated by Stephen Holmes 
260 |a Loughborough :   |b Ladybirds Books Ltd ,   |c 1993 
300 |a p.v :   |b ill. ;   |c 18cm. 
490 0 |a Favourite tales 
650 0 0 |a Children's stories 
700 0 |a Holmes, Stephen 
999 |a 052319   |b BUKU   |c PINJAMAN   |e PERPUSTAKAAN KOMUNITI PETALING JAYA 
999 |a 052320   |b BUKU   |c PINJAMAN   |e MOBILE LIBRARY PKPJ 
999 |a 052321   |b BUKU   |c PINJAMAN   |e PERPUSTAKAAN KOMUNITI PETALING JAYA 
999 |a 055533   |b BUKU   |c PINJAMAN   |e PERPUSTAKAAN KOMUNITI PETALING JAYA 
999 |a 055566   |b BUKU   |c PINJAMAN   |e PERPUSTAKAAN KOMUNITI PETALING JAYA